| 000 | 00582nam a2200229Ia 4500 | ||
|---|---|---|---|
| 003 | OSt | ||
| 005 | 20230623115307.0 | ||
| 008 | 210423s2016 xx 000 0 und d | ||
| 020 | _a978-1-316-61418-1 | ||
| 040 | _cAL | ||
| 041 | _aeng | ||
| 082 | _a530.15 CAHP | ||
| 100 |
_aCAHILL (Kevin) _9108657 |
||
| 245 | _aPhysical mathematics | ||
| 260 |
_aDelhi _bCambridge University Press _c2016 |
||
| 300 |
_axvii,666 _bPB |
||
| 365 |
_b1300 _cINR |
||
| 650 |
_aPhysics _9108658 |
||
| 650 |
_aTheoretical Physics _9108659 |
||
| 906 | _amathematics ; Physical | ||
| 942 |
_2ddc _cBK |
||
| 999 |
_c167791 _d167791 |
||